00982aab a2200169 i 4500001001000000003001000010005001700020008004100037040001900078041000800097100003600105245004800141300007300189520043100262650001300693773010600706768714001CO-MdFUSB20240618062717.0240404t1989 ag ||||| |||| 00| 0 spa d bspacCO-MdFUSB aspa1 aBreneman, Mervin (1930-)eautor14aLos profetas y la ciudadc/ Mervin Breneman aVolumen 8, número 4 (diciembre, 1989), páginas: 21 - 24c; 27 cm aEs fácil hablar contra la injusticia y señalar a los más ricos como culpables. Pero los profetas como Isaías y Amós tuvieron que mostrar a los "buenos israelitas", "buenos creyentes", que éstos eran culpables de quebrantar indirectamente los mandamientos "no matarás" y "no hurtarás" por sus decisiones económicas. Quizá hacían todo "legalmente" pero estaban oprimiendo a sus propios hermanos israelitas. 0aMisiones0 tIglesia y Misión049402gVolumen 8, número 4 (diciembre, 1989), páginas: 21 - 24qpáginas: 21